Quizzes
Events
Quiz Creation
Community
Videos
Private Events
Remove Ads
Sign In
Join for FREE
Feedback
Dark Mode
Quiz Categories
Sports
Geography
Music
Movies
Television
Just For Fun
Miscellaneous
History
Literature
Language
Science
Gaming
Entertainment
Religion
Holiday
For Kids
Quiz Lab
Recent
Popular Today
Quiz Kudos Today
Editor Picks
Curator Picks
Quizzes by...
Day
Popularity
Type
Ratings
Length
Year
Community
Subscriptions
Recent Discussions
Orange Saloon
Badges
Playlists
Quests
Create
Leaderboards
Showdown
Live 5
Trivia Bingo
Activity
Puzzle Library
Sporcle Events
Private Events
Virtual Trivia
Globe League
Become a Host
Pub Owners
SporcleCon
Opinionation
Our Games
Videos
Blog
Mobile Apps
Partnerships
Remove Ads and Go Orange
Feedback
Music
Pop Music
The Beatles
Song
Album
Lyrics
Bands
Singers
Artist
Clip
Rock
Rap
Classical
Billboard
Country Music
Kpop
Taylor Swift
Music
Pop Music
The Beatles
Song
Album
Lyrics
Bands
Singers
Artist
Clip
Rock
Rap
Classical
Billboard
Country Music
Kpop
Taylor Swift
Random Quiz
Search Sporcle
×
Quiz Lab
Quiz Lab
Music
Song
Type in answers that appear in a list
Type in answers that appear in a list
Classic
Best Score? Go Orange.
Complete the lyrics – 69 love songs Stats
Can you name the rest of these Magnetic Fields lyrics from 69 Love Songs?
By
goffis
12m
67 Questions
114 Plays
114 Plays
114 Plays
Comments
Comments
Give Quiz Kudos
Give Quiz Kudos
-
- Ratings
hide this ad
Replay
Link that replays current quiz
Next Quiz
Link to next quiz in quiz playlist
You Got
0%
They Got
Avg Score
39%
Avg Friend Score
Upgrade to see
Score Distribution
Jump to the score distribution portion of the page
Score
0/67
Timer
12:00
0
Plays Today
Beginning
End
% Correct
Reno Dakota I'm reaching my quota...
of tears for the year
83.2%
How can it shine down on everyone...
and never shine on me
79.6%
I always say I love you when I mean...
turn out the light
74.3%
Not if I could write for you...
the sweetest song you ever heard
71.7%
It can't be all that pretty when...
all of New York City misses you
70.8%
It's full of charts and facts and figures...
and instructions for dancing
68.1%
Harry is the one I think you'll marry but...
it's Chris that you kissed after school
67.3%
I could make a career of being blue...
I could dress in black and read Camus
65.5%
The night you can't remember...
the night I can't forget
64.6%
When you see your error, then...
you can flee in terror
61.9%
You've been digging in the rubble...
getting bitches in trouble
61.9%
The tears have stained all the pages...
of my True Romance magazines
59.3%
Like you really care, even though you...
treat me like a dancing bear
55.8%
Knowledgeable but not always right...
salvageable and free for the night
54.9%
Billie you're a miracle...
and God knows I need one
54.9%
I see that kiss-
me pucker forming, but...
maybe you should plug it with a beer
54.9%
I long to nibble your ears and...
do as bunnies do
53.1%
I lost my composure...
and I shot Ferdinand
53.1%
Love is wrapped around my...
heart like a boa constrictor babe
48.7%
A pretty girl in her underwear – if there's anything...
better in this world, who cares
47.8%
Cool and unfazed, you're always...
amazed when someone gets hurt
46.9%
Don't be shocked if roses...
make a millionaire of you
46.9%
I can't take your perpetual whining...
and you can't sing
46.9%
A melody is like a pretty girl...
who cares if it's the dumbest in the world
44.2%
She doesn't use a fork, I don't think...
I'll go back to New York
44.2%
You're asking the wrong questions...
you're opening the wrong doors
44.2%
Maybe he should be illegal...
he just makes life too complete
43.4%
If I was Paul Bunyan...
I'd carry you so far away
43.4%
I stick because I'm stuck, because...
I just can't tear myself away
42.5%
I, even I, know the solution...
love, music, wine and revolution
42.5%
I don't know if you're beautiful...
because I love you too much
42.5%
There'll be time enough for sex & drugs in Heaven, when...
our pheromones are turned up to eleven
40.7%
I'm off to the war but you can be sure I will know...
you're what I'm fighting for
40.7%
I do believe our love is danger...
I might as well be loving air
39.8%
Beginning
End
% Correct
If you don't mind, why don't you mind...
where is your sense of indignation
39.8%
You called me mad as a hatter...
some fall in love, I shatter
39.8%
It's not the cherries everywhere in bloom, it's not...
the way they put folks on the moon
38.1%
Let's pretend it's a work of art...
let's pretend it's not my heart
38.1%
Acoustic guitar, if you think I play hard – well...
you could have belonged to Steve Earle
38.1%
You've never been more beautiful...
your eyes like two full moons
37.2%
If some dim bulb should say we were in love in some way...
kick all his teeth in for me
37.2%
He is my life and my salvation...
he's always right, he's always patient
35.4%
For we are the king of the boudoir, we are...
and the king doesn't like to wait
35.4%
You can't buy one at the mall, but...
he'll come if you just call
34.5%
You were my glass menagerie...
did you not find that odd
33.6%
My mother said gently...
you can buy her a Bentley
31.9%
When you cross the street...
and you don't take my hand
30.1%
I saw you last in summertime...
you said you hated long goodbyes
28.3%
It's very small and made of glass...
and grossly over-advertised
26.5%
You've got a devastating point of view...
and everything you say is true
25.7%
Who'll take its ashes and, singing, fling them...
from the top of the Brill Building
24.8%
That you told me just to tell me later...
that you'd told me so
21.2%
Dying all day in thousands of little ways...
dancing alone and drinking a lot
20.4%
You just go to take photographs...
to believe that I'd be daft
19.5%
The thing I spent my whole life waiting for...
has just walked out and locked the door
19.5%
Love is like jazz – the same song...
a million times in different ways
17.7%
There's nothing more interesting...
than crying constantly
16.8%
Wi' nae wee bairn ye'll me beget...
untwinkle little ee
15.9%
They swallow me in all my dreams...
Oh God, I'm still in love with you
15.9%
Done so much crying the flesh has left my bones...
I can play my ribcage like a xylophone
15.9%
I'll sit and stare – how...
could I venture anywhere
14.2%
There's nothing I'd like more than...
a twirl across this rickety old floor
14.2%
The rest of our lives is one long honeymoon...
well that doesn't mean we're in love
14.2%
What if the clowns couldn't be clowns and all those...
painted smiles gave in to plaintive frowns
11.5%
Two kinds of people: 1) the gray...
and 2) me and my lover
9.7%
The Queen was singing the blues...
the President played the saxophone
8%
Let's have one more beer and I'll tell you something...
don't laugh, I think you're beautiful
7.1%
Quiz Playlist
Details
Report
Send in Message
Add To Playlist
Classic:
Type in answers that appear in a list
Quiz Source
Last Updated: Feb 16, 2017
Quiz Scoreboard
CHALLENGE
Sign Up to Join the Scoreboard
Show All
Scores
Hide
Comments
May contain spoilers
Recently Published
An Introduction to Baseball
by treessimontrees
Sports
5m
Movies - When Are They Set?
by FPL_Elf
Movies
5m
Popular People in 1961
by mucciniale
History
6m
More to Explore
Quiz From the Vault
Featured Blog Post
Where Did the Easter Bunny Come From?
hide this ad
You Might Also Like...
Tags
Song Quiz
Begins With
complete
end
field
Love
magnetic
rest
Today's Top Quizzes in Music
Browse Music
hide this ad
Today's Top Quizzes in Song
Browse Song
Top Contributed Quizzes in Music
1
Taylor Swift All Songs (2024)
2
Guess the Artist- 70s Songs
3
One Thing in Common: Music
4
KPOP LOGIC QUIZ
5
2010s Album by Cover III
6
Taylor Swift Logic Puzzle
7
Guess the Taylor Swift song (Mystery Song)
8
7-to-1: Billboard Hot 100 #1 Hits of 2010s
9
2010s Album by Cover IV
10
2010s Album by Cover V
Explore More
Trending Topics
Anime
Crossword
Kpop
Marvel
NBA
Disney
Harry Potter
Soccer
Song
Puzzle
WWE
The Office
NFL
Country
Pokémon
hide this ad
More By:
goffis
Quiz
Plays
Rating
Category
Featured
Created
Complete the lyrics – 69 love songs
114
5.00
Music
Dec 28, 2010
Go to Creator's Profile
Score Distribution
Quiz Creator Spotlight
goffis
Follow
Send a Message
Quizzes Created
-
Created Quiz Play Count
-
More By This Creator
Popular Quizzes Today
1
Find the Countries of Europe - No Outlines Minefield
2
Find the US States - No Outlines Minefield
3
The Countries of the World
4
Popular People in 1961
5
Find the US States
6
US States
7
1-10 Letter E Words III
8
Risky Map Clicking: Biggest States A-Z
More Music Quizzes
2021 K-Pop Title Songs (Audio)
Quiz Lab
Trending Quizzes
Risky Map Clicking: Least Populous States A-Z
1-10 Letter F Words
1-10 Letter G Words
One Thing in Common: United Kingdom
Risky Map Clicking: Next State Alphabetically
Recently Updated
Leaping Animals
pecheneg
Reality TV Shows (A-Z)
bhenderson79
Rickey Henderson's Hall of Fame Teammates
pecheneg
Champions League XIs: Arsenal
pecheneg
Quick Pick: Celebrities in WWE's Hall of Fame
aduchscher
A-Z Keypad Blitz II
pecheneg
Multiple Oscar Actors
pecheneg
Mystery Phrase Blitz: Oscar 'Best Actors'
pecheneg
F. Scott Fitzgerald Novels
LTH
Pick 3 Villains
ddd62291
Trending Topics
Marvel
NBA
Harry Potter
Crossword
Disney
Anime
Kpop
Country
Soccer
The Office
Song
NFL
WWE
Pokémon
Puzzle
Your Account Isn't Verified!
In order to create a playlist on Sporcle, you need to verify the email address you used during registration. Go to your
Sporcle Settings
to finish the process.
Report this User
Report this user for behavior that violates our
Community Guidelines
.
Details:
Send Report
Go to the Sporcle.com Mobile Site →
Comments